Thực tập hóa nông nghiệp (Dùng làm giáo trình giảng dạy trong các trường Đại học Nông Nghiệp)

Na minha lista:
Detalhes bibliográficos
Formato: Livro
Idioma:Undetermined
Publicado em: Hà Nội Nông Nghiệp 1984
Assuntos:
Tags: Adicionar Tag
Sem tags, seja o primeiro a adicionar uma tag!
Thư viện lưu trữ: Trung tâm Học liệu Trường Đại học Cần Thơ
LEADER 00538nam a2200157Ia 4500
001 CTU_12055
008 210402s9999 xx 000 0 und d
082 |a 630.24 
082 |b Th552 
245 0 |a Thực tập hóa nông nghiệp (Dùng làm giáo trình giảng dạy trong các trường Đại học Nông Nghiệp) 
260 |a Hà Nội 
260 |b Nông Nghiệp 
260 |c 1984 
650 |a agricultural chemistry 
904 |i Minh, 961108 
980 |a Trung tâm Học liệu Trường Đại học Cần Thơ